000
00284nam a22001097a 4500
082
_a
030 OUR'Z
100
_a
ZIM, HERBERT S
_9
80715
245
_a
OUR WONDERFUL WORLD AN ENCYCLOPEDIC ANTHOLOGY FOR THE ENTIRE FAMILY
260
_a
CHICAGO
_b
SPENCER
_c
1960
300
_a
393P
942
_c
BK
999
_c
585607
_d
585607